Clarified better (Record no. 65373)
[ view plain ]
| 000 -LEADER | |
|---|---|
| fixed length control field | 01569cam a2200241 4500 |
| 001 - CONTROL NUMBER | |
| control field | ABS63102 |
| 008 - FIXED-LENGTH DATA ELEMENTS--GENERAL INFORMATION | |
| fixed length control field | 000000n2000 000 0 eng u |
| 035 ## - SYSTEM CONTROL NUMBER | |
| System control number | (Sirsi) u109496 |
| 100 ## - MAIN ENTRY--PERSONAL NAME | |
| Personal name | Brown, J |
| 245 ## - TITLE STATEMENT | |
| Title | Clarified better |
| 260 ## - PUBLICATION, DISTRIBUTION, ETC. | |
| Date of publication, distribution, etc. | 2000 |
| 490 ## - SERIES STATEMENT | |
| Series statement | Building |
| Volume/sequential designation | 265(8161) 10 November 2000, 70(1) |
| 520 ## - SUMMARY, ETC. | |
| Summary, etc. | Discusses the CA ruling in the "Henry Boot Construction v Alstom Combined Cycles" case, and suggests that the updated ICE form of contract may have avoided confrontation. The contract between Boot and Alstom was for civil engineering works for a power station, and a price of £250,880 was agreed for temporary sheet piling work in one area. Problems arose when variations were added to the contract and questions were raised about how to value this additional work. The CA ruling has clarified the way variations should be valued, by giving Boot the benefit of using its price of £250,880 for the original sheet piling work to form the basis of the variation, not withstanding any errors. Examines the changes to Clause 52 introduced by the ICE 7th Edition contract, and highlights how these alterations would have identified problems early on and thus benefited Alstom, whose part in the confrontation proved costly. |
| 590 ## - LOCAL NOTE (RLIN) | |
| Local note | ABS |
| 650 ## - SUBJECT ADDED ENTRY--TOPICAL TERM | |
| Topical term or geographic name entry element | Valuation |
| 9 (RLIN) | 6273 |
| 650 ## - SUBJECT ADDED ENTRY--TOPICAL TERM | |
| Topical term or geographic name entry element | VARIATIONS |
| 650 ## - SUBJECT ADDED ENTRY--TOPICAL TERM | |
| Topical term or geographic name entry element | CONTRACT CLAIMS |
| 650 ## - SUBJECT ADDED ENTRY--TOPICAL TERM | |
| Topical term or geographic name entry element | ENGINEERING CONTRACTS |
| 650 ## - SUBJECT ADDED ENTRY--TOPICAL TERM | |
| Topical term or geographic name entry element | ICE FORMS OF CONTRACT |
| 650 ## - SUBJECT ADDED ENTRY--TOPICAL TERM | |
| Topical term or geographic name entry element | HENRY BOOT CONSTRUCTION V ALSTOM COMBINED CYCLES |
| 690 ## - LOCAL SUBJECT ADDED ENTRY--TOPICAL TERM (OCLC, RLIN) | |
| Topical term or geographic name as entry element | BUILT ENVIRONMENT-BUILDING CONTRACT FORMS |
| 942 ## - ADDED ENTRY ELEMENTS (KOHA) | |
| Suppress in OPAC | 0 |
| Withdrawn status | Lost status | Source of classification or shelving scheme | Damaged status | Not for loan | Home library | Current library | Shelving location | Date acquired | Total Checkouts | Full call number | Barcode | Date last seen | Copy number | Price effective from | Koha item type |
|---|---|---|---|---|---|---|---|---|---|---|---|---|---|---|---|
| Dewey Decimal Classification | London | London | Journal article | 24/11/2000 | ABS63102 | 109496-1001 | 06/08/2019 | 1 | 06/08/2019 | Journal article |